00332nam a2200133Ia 4500008004100000020001500041041001200056082001600068100001700084245004400101260002900145300000800174650001600182221030s9999 xx 000 0 und d a8170299713 aEnglish a105.23bKan aY. Kanetkar 0aVisual C++ Programmingcby Y. Kanetkar bBPB PubaNew Delhic2006 a654 aBE Computer